Mikro- i polumikrometody organičeskogo funkcionol'nogo analiza /

Hlavní autor: Cheronis, Nicholas Dimitrius, 1896-1962
Další autoři: Ma, T. S. 1911-2007
Jazyk: Ruština
Vydáno: Moskva : Chimija, 1973
Fyzický popis: 575 s.
Knihy
Uloženo v:
LEADER 00892nam a22002652a 4500
001 001265133
003 CZ BrMZK
005 20121114142319.0
007 ta
008 121114s1973 ru er|||||||||||rus d
040 |a ABA001  |b cze  |d ABA001  |d BOA001 
041 1 |a rus  |h eng 
080 9 |a 543.063:547=82 
080 9 |a 547:543.063=82 
100 1 |a Cheronis, Nicholas Dimitrius,  |d 1896-1962  |7 mub2010592728  |4 aut 
245 1 0 |a Mikro- i polumikrometody organičeskogo funkcionol'nogo analiza /  |c N.D. Čeronis, T.S. Ma 
260 |a Moskva :  |b Chimija,  |c 1973 
300 |a 575 s. 
500 |a Přeloženo z angličtiny 
504 |a Obsahuje bibliografie 
700 1 |a Ma, T. S.  |q (Tsu Sheng),  |d 1911-2007  |7 mub2010592735  |4 aut 
910 |a BOA001  |b 2-0715.401 
990 |a BK 
991 |b 201211 
996 7 |b 2619656047  |c 2-0715.401  |l Sklad H1  |r Sklad / do 24 hodin  |n 0  |h HS212  |w 001299287  |u 000010  |a 1  |e BOA001  |j MZK50  |s A